000 00188 a2200085 4500
020 _a‎978-8957705117
100 _aKyung-il I
245 _aA-Detail architecture Vol-2
260 _bArchi
_c2014
999 _c11130
_d11130